| 000 | 00928nam a2200253 a 4500 | ||
|---|---|---|---|
| 008 | 120416s1997 ||||||||||||||||| || u | ||
| 020 | _a0821338560 | ||
| 050 | _aIBRD(08)TP/355 | ||
| 100 | _aLambert, John | ||
| 245 | 1 | 0 |
_aMedicinal plants: rescuing a global heritage _cJohn Lambert, Jitendra Srivastava and Noel Vietmeyer |
| 260 |
_aWashington, D.C. _bWorld Bank _c1997 |
||
| 300 | _aix, 61p. : ill. | ||
| 350 | _a0.00 | ||
| 490 | _aWorld Bank Technical Papers | ||
| 650 | _aMEDICINE | ||
| 650 | _aMATERIAL MEDICAL, VEGETABLE--CHINA | ||
| 650 | _aMEDICINAL PLANTS--INDIA | ||
| 650 | _aMEDICINAL PLANTS--CHINA | ||
| 650 | _aMATERIAL MEDICAL, VEGETABLE--INDIA | ||
| 700 | _aSrivastava, Jitendra | ||
| 700 | _aVietmeyer, Noel, 1940- | ||
| 710 | _aWorld Bank | ||
| 995 |
_D0.00 _FCBU-MAIN LIBRARY (Kitwe) _H1 _I0.00 _M1 _UAVAILABLE _ZInternational Publications |
||
| 999 |
_c50952 _d50952 |
||